00740nam a2200181Ia 4500008004100000020001800041082002700059100003400086245008900120250000600209260002400215300001100239440002600250650005200276740009500328952011800423999001700541120622s9999 xx 000 0 und d a968-432-819-2 a086.1 S479c v.388 1992 aUnamuno, Miguel de, 1864-1936 aNiebla ; Abel Sánchez ; Tres novelas ejemplares y un prólogo / Miguel de Unamuno a7 aMéxico : Porrúa a235 p. aSepan cuántos ; 388 a1. NOVELA ESPAÑOLA \ 2. LITERATURA ESPAÑOLA aAbel Sánchez \ Dos madres \ El marqués de Lumbría \ Nada menos que todo un hombreÌ 00102lcc4070a22b22d2007-01-25l2o086.1 S479C V.388 1992p01 002470r2023-07-18s2019-11-28w2012-06-24yLB c56539d56539